000
00356nam a2200157 a 4500
003
DLC
005
20210219152743.0
022
_a
0101-3823
035
_a
UPN01000059974
245
0
0
_a
EDUCACAO E SELECAO
260
_a
Brasil
_b
Fundacao Carlos Chagas
310
_a
Semestral
653
0
_a
SELECCION DE ESTUDIANTES
905
_a
Revista
999
_c
59838
_d
59838